• Bernini Franco

di Personal Name

Records bibliografici associati: 1

001 - CONTROL NUMBER

  • control field: 44752

003 - CONTROL NUMBER IDENTIFIER

  • control field: IT-RoPau

005 - DATE AND TIME OF LATEST TRANSACTION

  • control field: 20151129154624.0

008 - FIXED-LENGTH DATA ELEMENTS

  • fixed length control field: 151129|| aca||aabn | a|a d

040 ## - CATALOGING SOURCE

  • Original cataloging agency: IT-RoPau
  • Transcribing agency: IT-RoPau

100 ## - HEADING--PERSONAL NAME

  • Personal name: Bernini Franco
  • Relator term: (soggetto)
  • Miscellaneous information: Codice Soggetto SPICS: 25342

670 ## - SOURCE DATA FOUND

  • Source citation: Work cat.: (IT-RoPau)106039: Base Giulio Codice regista SPICS: 58034 40986, PADRE PIO - TRA CIELO E TERRA PADRE PIO - TRA CIELO E TERRA (Rif. Codice opera principale : H5228)
CREDITS: SOCIETA' SAN PAOLO Via A.Severo, 58 - ROMA (RM) & PERIODICI SAN PAOLO SRL Via Giotto, 36 MILANO & CISF Via Giotto, 36 MILANO & EDIZIONI SAN PAOLO SRL,  Piazza Soncino, 5 CINISELLO BALSAMO (MI) -- ITALY